The living marine resources of the western central atlantic
Đã lưu trong:
| Định dạng: | Sách |
|---|---|
| Ngôn ngữ: | Undetermined |
| Được phát hành: |
Rome, Italy
FAO
2002
|
| Những chủ đề: | |
| Các nhãn: |
Thêm thẻ
Không có thẻ, Là người đầu tiên thẻ bản ghi này!
|
| Thư viện lưu trữ: | Trung tâm Học liệu Trường Đại học Cần Thơ |
|---|
| LEADER | 00488nam a2200169Ia 4500 | ||
|---|---|---|---|
| 001 | CTU_58562 | ||
| 008 | 210402s9999 xx 000 0 und d | ||
| 082 | |a 333.956 | ||
| 082 | |b L785/Vol.3 | ||
| 245 | 4 | |a The living marine resources of the western central atlantic | |
| 245 | 0 | |c Edited by Kent E. Carpenter | |
| 260 | |a Rome, Italy | ||
| 260 | |b FAO | ||
| 260 | |c 2002 | ||
| 650 | |a marine resources,fisheries | ||
| 904 | |i Minh | ||
| 980 | |a Trung tâm Học liệu Trường Đại học Cần Thơ | ||